Temporal characteristics of laser pulses and interaction of laser radiation with matter /

Bibliographic Details
Other Authors: Basov, N. G. (Nikolaĭ Gennadievich), 1922-2001
Format: Book
Language:English
Russian
Published: New York : Consultants Bureau, [1977]
Series:Trudy Fizicheskogo instituta. v. 84.
Subjects:

MARC

Tag First Indicator Second Indicator Subfields
LEADER 00000pam a2200000 i 4500
001 in00000366646
005 20151011074524.0
008 770907s1977 nyua b 00000 eng
010 |a  77013406  
020 |a 0306109425 
035 |a (OCoLC)03292511 
035 |9 ABP5108AM 
040 |a DLC  |c DLC  |d TXA  |d UtOrBLW 
041 1 |a eng  |a rus 
049 |a TXAM  |c [1397523] 
050 0 0 |a QC1  |b .A4114 vol. 84  |a QC688 
082 0 |a 530/.08 s  |a 535.5/8 
090 |a QC1  |b .A4114 v. 84  |a QC688 
240 1 0 |a Vremennye kharakteristiki lazernykh impulsov i vzaimodeistvie lazernogo izlucheniia s veshchestvom. English 
245 0 0 |a Temporal characteristics of laser pulses and interaction of laser radiation with matter /  |c edited by N. G. Basov ; translated from Russian by Edward U. Oldham. 
264 1 |a New York :  |b Consultants Bureau,  |c [1977] 
264 4 |c ©1977 
300 |a x, 197 pages :  |b illustrations ;  |c 28 cm. 
336 |a text  |b txt  |2 rdacontent 
337 |a unmediated  |b n  |2 rdamedia 
338 |a volume  |b nc  |2 rdacarrier 
490 1 |a Proceedings (Trudy) of the P. N. Lebedev Physics Institute ; v. 84 
500 |a Translation of Vremennye kharakteristiki lazernykh impulsov i vzaimodeistvie lazernogo izlucheniia s veshchestvom. 
504 |a Includes bibliographical references. 
650 0 |a Laser beams. 
650 0 |a Quantum electronics. 
650 0 |a Crystals  |x Effect of radiation on. 
650 2 |a Lasers. 
650 2 |a Quantum Theory. 
650 2 |a Crystallography. 
700 1 |a Basov, N. G.  |q (Nikolaĭ Gennadievich),  |d 1922-2001. 
830 0 |a Trudy Fizicheskogo instituta.  |l English ;  |v v. 84. 
999 |a MARS 
999 f f |s 1adb97d7-afa0-35d4-8271-ce132dcdbde9  |i 97c748d1-95f1-37d4-aaeb-3a7a712457eb  |t 0 
952 f f |p ric  |a Texas A&M University  |b Rellis Campus  |c Joint Library Facility  |d Remote Storage  |t 0  |e QC1 .A4114 v.84  |h Library of Congress classification  |i unmediated -- volume  |m A14804586487 
998 f f |a QC1 .A4114 v.84  |t 0  |l Remote Storage